000 00625cam a22002173a 4500
001 44977
003 PGUSA
005 20140828084028.0
008 140222s2014||||xxu|||||s|||||000 | eng d
040 _aPGUSA
_beng
042 _adc
100 1 _aDavies, John
245 1 4 _aThe Complete Poems of Sir John Davies. Volume 1 of 2.
_h[electronic resource] /
_cJohn Davies
260 _bProject Gutenberg,
_c2014
506 _aPublic domain in the USA.
516 _aElectronic text
700 1 _aGrosart, Alexander B.
830 0 _aProject Gutenberg
_v44977
856 4 0 _uhttp://www.gutenberg.org/ebooks/44977
942 _cEB
999 _c274228
_d274228